000 01006nam0a2200265 4500
001 RU\NLR\BIBL_A\010509122
005 20260409072723.0
035 _a(NLR Aleph) 010509122
090 _a10170187
_c10170187
100 _a20141024d1946 |||y0rusy50 ca
101 0 _asah
102 _aRU
105 _ay z 000yy
200 1 _aСталтнскай конституция уонна советскай ыччат
_fО. Мишакова
210 _aЯкутскай
_cСАССР Госиздата
_d1946
215 _a59 с.
_d20
541 1 _aСталинская конституция и советская молодежь
_zrus
604 _121001$aСССР
_1230##$aКонституция$k1936
_aСССР
_3RU\NLR\AUTH\661073445
_91737890
686 1 _aХ620.112
700 1 _aМишакова
_bО.П.
_gОльга Петровна
_4070
852 _aNLR
_bОНЛ
_jЯкут./2-262
852 _aNLR
_bОНЛ
_jЯкут./2-262
942 _cBOOK
980 _aNB